| 000 | 00379pab a2200157 454500 | ||
|---|---|---|---|
| 008 | 180718b xxu||||| |||| 00| 0 eng d | ||
| 100 | _aShenoi, M.P.V. | ||
| 245 | _aDraft housing policy - an appraisal | ||
| 650 | _a India | ||
| 650 | _a Appraisal | ||
| 650 | _a Housing Policy | ||
| 650 | _aHousing Policy - India | ||
| 700 | _aS.K., Malik | ||
| 773 | _aNagarlok | ||
| 909 | _a2040 | ||
| 999 |
_c2040 _d2040 |
||